000 00339nam a2200145Ia 4500
008 100122s9999 xx 000 0 und d
082 _b6364
_a821
100 _aनिरंतर ग भा
245 _aमधुघट
260 _c1948
300 _a60
630 _aमधुघट
730 _aमधुघट
942 _cBOOK
999 _c399400
_d399397